Különböző generációk színházba járási szokásai

Bibliographic Details
Main Author: Fischer Fanni
Other Authors: Schultz Dr. Éva
Format: Thesis
Kulcsszavak:művelődés
művelődéstörténet
színházlátogatás
Y generáció
Z generáció
Online Access:http://dolgozattar.uni-bge.hu/60171

MARC

LEADER 00000nta a2200000 i 4500
001 dolg60171
005 20260409150101.0
008 260409suuuu hu om 000 hun d
040 |a BGE Dolgozattár Repozitórium  |b hun 
041 |a hu 
100 1 |a Fischer Fanni 
245 1 0 |a Különböző generációk színházba járási szokásai  |c Fischer Fanni  |h [elektronikus dokumentum] 
520 3 |a Szakdolgozatomban azt vizsgáltam, hogy a különböző generációk hogyan viszonyulnak a színházakhoz, és milyen tényezők befolyásolják a színházlátogatási szokásaikat.Arra kerestem választ, hogy milyen eltérések figyelhetők meg a korosztályok között a színház iránti érdeklődés terén, illetve azt is, hogy milyen módszerekkel lehetne a fiatalabbakat jobban belevonni ebbe a kulturális formába. A kutatásom során egy online kérdőívet használtam, amelyet összesen 152 fő töltött ki, különböző generációk képviseletében. Az eredmények alapján megállapítható, hogy az idősebb korosztályok jellemzően rendszeresen járnak színházba, míg a fiatalabbakat inkább a kedvezményes lehetőségek, az újszerű, élményalapú előadások és a modern technikai megoldások vonzzák. 
695 |a művelődés 
695 |a művelődéstörténet 
695 |a színházlátogatás 
695 |a Y generáció 
695 |a Z generáció 
700 1 |a Schultz Dr. Éva  |e ths 
856 4 0 |u http://dolgozattar.uni-bge.hu/60171/1/Fischer_Fanni_Szakdolgozat.pdf  |z Dokumentum-elérés 
856 4 0 |u http://dolgozattar.uni-bge.hu/60171/2/Fischer%20Fanni.pdf  |z Dokumentum-elérés 
856 4 0 |u http://dolgozattar.uni-bge.hu/60171/3/Fischer%20Fanni_konzulensi_Schultz%20%C3%89va.pdf  |z Dokumentum-elérés